000 00452nam a2200157 i 4500
001 49472
003 ES-MaACL
005 20230906161954.0
007 t|
008 030716s1940 sp ||||1| spa d
100 0 _aCossío, Francisco de.
_941014
245 1 0 _aTaxímetro
_b: novela /
_cFrancisco de Cossío.
260 _aMadrid ;
_aBarcelona :
_b[s.n.,
_c1940] (
_fImp. Clarasó)
300 _a265 p. ;
_c19 cm.
852 _aES-MaACL
_jA-5249
_bR.18196
999 _c49472
_d49472